Best Basketball Player on Every Team - Statistics

General Stats
  • This quiz has been taken 241 times
  • The average score is 16 of 30
Answer Stats
Team Answer % Correct
Los Angeles Lakers Lebron James
89%
Atlanta Hawks Trae Young
86%
Golden State Warriors Stephen Curry
81%
Milwaukee Bucks Giannis Antetokounmpo
76%
Brooklyn Nets Kevin Durant
74%
Denver Nuggets Nikola Jokic
73%
Houston Rockets James Harden
71%
Dallas Mavericks Luka Doncic
70%
Los Angeles Clippers Kawhi Leonard
69%
Miami Heat Jimmy Butler
66%
Philadelphia 76ers Joel Embiid
66%
Phoenix Suns Devin Booker
62%
Portland Trailblazers Damian Lillard
61%
Utah Jazz Donovan Mitchell
56%
Memphis Grizzlies Ja Morant
55%
Minnesota Timberwolves Karl-Anthony Towns
53%
Oklahoma City Thunder Chris Paul
48%
Chicago Bulls Zach Lavine
48%
Sacramento Kings De'Aaron Fox
47%
Washington Wizards Bradley Beal
43%
Toronto Raptors Pascal Siakam
41%
San Antonio Spurs Demar Derozan
40%
Boston Celtics Kemba Walker
40%
Cleveland Cavaliers Kevin Love
34%
Detroit Pistons Blake Griffin
31%
New York Knicks Julius Randle
29%
Orlando Magic Nikola Vucevic
20%
Indiana Pacers Victor Oladipo
20%
New Orleans Pelicans Jrue Holiday
15%
Charlotte Hornets Devonte' Graham
8%
No matching quizzes found
Score Distribution
Percent of People with Each Score
Percentile by Number Answered
Your Score History
You have not taken this quiz